[Event "Toronto int."]
[Site "Toronto CAN"]
[Date "1998.05.18"]
[Round "9"]
[White "Rositsan, Boris"]
[Black "Rajlich, Vasik"]
[Result "0-1"]
[WhiteElo "2241"]
[BlackElo "2265"]
[PlyCount "54"]
[GameId "2160767911873420"]
[EventDate "1998.05.14"]
[EventType "swiss"]
[EventRounds "9"]
[EventCountry "CAN"]
[SourceTitle "CBM 65 ext"]
[Source "ChessBase"]
[SourceDate "1998.09.09"]
[SourceVersion "1"]
[SourceVersionDate "1998.09.09"]
[SourceQuality "1"]

1. e4 c5 2. Nf3 d6 3. d4 cxd4 4. Nxd4 Nf6 5. Nc3 g6 6. Be3 Bg7 7. Be2 O-O 8. O-O a6 9. a4 b6 10. Bf3 Bb7 11. e5 Bxf3 12. Qxf3 dxe5 13. Qxa8 exd4 14. Rad1 Qc7 15. Bxd4 Nc6 16. Bxb6 Qxb6 17. a5 Nxa5 18. Nd5 Nxd5 19. Qxd5 Nc6 20. b3 Nd4 21. Qc4 e5 22. c3 Ne6 23. Rd7 e4 24. Qxe4 Nc5 25. Qd5 Nxd7 26. Qxd7 Qxb3 27. Qc6 a5 0-1

[Event "Toronto int."]
[Site "Toronto CAN"]
[Date "1998.05.18"]
[Round "9"]
[White "Stripunsky, Alexander"]
[Black "Kudrin, Sergey"]
[Result "1/2-1/2"]
[WhiteElo "2475"]
[BlackElo "2565"]
[PlyCount "81"]
[GameId "2160767911873423"]
[EventDate "1998.05.14"]
[EventType "swiss"]
[EventRounds "9"]
[EventCountry "CAN"]
[SourceTitle "CBM 65 ext"]
[Source "ChessBase"]
[SourceDate "1998.09.09"]
[SourceVersion "1"]
[SourceVersionDate "1998.09.09"]
[SourceQuality "1"]

1. e4 c5 2. Nf3 d6 3. c3 Nf6 4. Bc4 Nc6 5. Qe2 Bg4 6. d3 g6 7. Nbd2 Bg7 8. h3 Bxf3 9. Nxf3 O-O 10. a3 Rb8 11. O-O b5 12. Ba2 Nd7 13. Nh2 a5 14. Ng4 e6 15. Bh6 Bxh6 16. Nxh6+ Kg7 17. Ng4 Nf6 18. f4 Nxg4 19. Qxg4 f5 20. Qf3 Qd7 21. exf5 exf5 22. Rae1 Rbe8 23. Bd5 Nd8 24. d4 Rxe1 25. Rxe1 Re8 26. Qf2 Rxe1+ 27. Qxe1 cxd4 28. cxd4 Nc6 29. Qc3 Ne7 30. Bf3 Qa7 31. Kh2 Ng8 32. b4 axb4 33. Qxb4 Qd7 34. Be2 Qe6 35. Bxb5 Nf6 36. Qd2 Ne4 37. Qe3 Qa2 38. Be2 Kf8 39. Bf3 Nd2 40. Qe2 Qb2 41. Bc6 1/2-1/2

[Event "Toronto int."]
[Site "Toronto CAN"]
[Date "1998.05.18"]
[Round "9"]
[White "Yee, Lorne"]
[Black "Chow, Albert"]
[Result "1/2-1/2"]
[WhiteElo "2189"]
[BlackElo "2330"]
[PlyCount "40"]
[GameId "2160767911873424"]
[EventDate "1998.05.14"]
[EventType "swiss"]
[EventRounds "9"]
[EventCountry "CAN"]
[SourceTitle "CBM 65 ext"]
[Source "ChessBase"]
[SourceDate "1998.09.09"]
[SourceVersion "1"]
[SourceVersionDate "1998.09.09"]
[SourceQuality "1"]

1. d4 Nf6 2. c4 g6 3. f3 Bg7 4. e4 d6 5. Be3 O-O 6. Qd2 Nc6 7. Ne2 a6 8. Nbc3 Rb8 9. Nc1 e5 10. Nb3 exd4 11. Nxd4 Nxd4 12. Bxd4 Be6 13. Be2 c6 14. O-O b5 15. cxb5 axb5 16. a3 Qe7 17. Rfe1 Rfe8 18. Bf1 Rbd8 19. Rac1 Qb7 20. Ne2 c5 1/2-1/2

[Event "Toronto int. U2100"]
[Site "Toronto CAN"]
[Date "1998.05.15"]
[Round "1"]
[White "Gray, Melvin"]
[Black "Veltmann, Martin"]
[Result "1/2-1/2"]
[WhiteElo "1995"]
[BlackElo "2089"]
[PlyCount "130"]
[GameId "2160767911873189"]
[EventDate "1998.05.15"]
[EventType "swiss"]
[EventRounds "7"]
[EventCountry "CAN"]

1. e4 c5 2. Nf3 d6 3. d4 cxd4 4. Nxd4 Nf6 5. Nc3 a6 6. Bg5 e6 7. f4 Be7 8. Qf3 Nbd7 9. O-O-O Qc7 10. g4 b5 11. Bxf6 gxf6 12. a3 Rb8 13. Bh3 b4 14. axb4 Rxb4 15. Rhe1 Qb6 16. Nb3 Bb7 17. Qe3 Qxe3+ 18. Rxe3 h5 19. gxh5 Rxh5 20. Rd2 Bf8 21. Bg4 Rh8 22. Rf2 Bh6 23. Nd2 Rg8 24. Rg3 Nc5 25. Bf3 Kf8 26. Bg2 Na4 27. Nxa4 Rxa4 28. Kb1 Rd4 29. c3 Rxg3 30. hxg3 Rd3 31. Bf3 Re3 32. Re2 Rxe2 33. Bxe2 e5 34. Nc4 Bxe4+ 35. Kc1 Ke7 36. Kd1 exf4 37. gxf4 Bxf4 38. Na5 Be5 39. Bxa6 f5 40. Nb3 f4 41. Nd2 Bd5 42. Be2 Ke6 43. Ke1 Kf5 44. Kf2 Bf6 45. Bf3 Be6 46. Ke2 Bc8 47. Ne4 Ba6+ 48. Kd2 Be7 49. Nf2 Kg5 50. b3 Kh4 51. c4 Kg3 52. Ke2 f5 53. Bd5 Bf6 54. Nd3 Bc3 55. b4 f3+ 56. Kf1 Bc8 57. b5 Bd4 58. Ne1 f2 59. Nf3 f4 60. Ng5 f3 61. Ne4+ Kf4 62. Nxf2 Bf5 63. Bg8 Ke3 64. Bd5 Bf6 65. b6 Bd4 1/2-1/2

[Event "Toronto int. U2100"]
[Site "Toronto CAN"]
[Date "1998.05.16"]
[Round "2"]
[White "Veltmann, Martin"]
[Black "Pitre, Francois"]
[Result "1-0"]
[WhiteElo "2089"]
[BlackElo "2046"]
[PlyCount "132"]
[GameId "2160767911873190"]
[EventDate "1998.05.15"]
[EventType "swiss"]
[EventRounds "7"]
[EventCountry "CAN"]

1. c4 Nf6 2. Nc3 g6 3. e4 d6 4. d4 Bg7 5. Be3 O-O 6. f3 e5 7. d5 c6 8. Qd2 cxd5 9. cxd5 Na6 10. O-O-O Bd7 11. Kb1 Qa5 12. h4 Nh5 13. g4 Nf4 14. Nge2 Rac8 15. Nxf4 exf4 16. Bd4 Rc7 17. Bxg7 Kxg7 18. Bxa6 bxa6 19. Qd4+ Kg8 20. Qf6 Rb7 21. Rh2 Rc8 22. Ka1 Bb5 23. h5 Qd8 24. Qxf4 Bc4 25. e5 dxe5 26. Qxe5 f6 27. Qd4 Qb6 28. Ne4 Qxd4 29. Rxd4 Bxd5 30. Nc3 Bxf3 31. Rf2 Bxg4 32. Rxg4 f5 33. Rg1 Kf7 34. Rd1 Rbc7 35. Kb1 Rc4 36. Rd7+ Kf6 37. Rxh7 g5 38. Rxa7 g4 39. Rxa6+ Kg5 40. Ra5 Rf8 41. h6 g3 42. Rf1 Kg4 43. Nd1 Re4 44. Nc3 Re6 45. Ra7 Rg6 46. Rg7 Rxg7 47. hxg7 Rg8 48. Nd5 Rxg7 49. Ne3+ Kg5 50. Rxf5+ Kh6 51. Rf1 Kg5 52. Kc2 Re7 53. Kd3 Rb7 54. b3 Ra7 55. a4 Rb7 56. Kc3 Rc7+ 57. Nc4 Kg4 58. Kd4 Kh3 59. Ne3 Kh2 60. b4 Rh7 61. a5 Rh4+ 62. Kc5 Re4 63. Re1 Re5+ 64. Kd4 Rb5 65. Kc4 Rg5 66. Nf1+ Kg1 1-0

[Event "Toronto int. U2100"]
[Site "Toronto CAN"]
[Date "1998.05.16"]
[Round "3"]
[White "Oaker, William"]
[Black "Veltmann, Martin"]
[Result "0-1"]
[WhiteElo "2020"]
[BlackElo "2089"]
[PlyCount "52"]
[GameId "2160767911873191"]
[EventDate "1998.05.15"]
[EventType "swiss"]
[EventRounds "7"]
[EventCountry "CAN"]

1. d4 Nf6 2. e3 g6 3. Bd3 Bg7 4. Nf3 O-O 5. O-O d6 6. c3 Nbd7 7. Nbd2 e5 8. b4 Re8 9. Qc2 Qe7 10. dxe5 dxe5 11. e4 Nh5 12. Re1 Nf8 13. Bc4 Kh8 14. Nf1 Bg4 15. Ng5 Ne6 16. Nxe6 Bxe6 17. Bxe6 Qxe6 18. Be3 a5 19. Red1 Qc6 20. Qd3 Nf6 21. b5 Qxe4 22. Qxe4 Nxe4 23. Rd7 Rac8 24. Rxf7 Nxc3 25. b6 e4 26. Rxg7 Ne2+ 0-1

[Event "Toronto int. U2100"]
[Site "Toronto CAN"]
[Date "1998.05.17"]
[Round "4"]
[White "Veltmann, Martin"]
[Black "Barankin, Garry"]
[Result "1-0"]
[WhiteElo "2089"]
[BlackElo "2012"]
[PlyCount "75"]
[GameId "2160767911873192"]
[EventDate "1998.05.15"]
[EventType "swiss"]
[EventRounds "7"]
[EventCountry "CAN"]

1. c4 Nf6 2. Nc3 g6 3. e4 d6 4. d4 Bg7 5. Be3 O-O 6. f3 Nc6 7. Qd2 e5 8. Nge2 Re8 9. O-O-O exd4 10. Nxd4 Nxd4 11. Bxd4 Be6 12. Kb1 a6 13. Nd5 Bxd5 14. cxd5 Rb8 15. g4 Qe7 16. Bg2 Red8 17. Rhe1 c5 18. Bc3 b5 19. g5 Ne8 20. f4 Bxc3 21. Qxc3 b4 22. Qd3 Nc7 23. e5 Nb5 24. e6 f5 25. gxf6 Qxf6 26. Rd2 Re8 27. Bh3 Re7 28. f5 g5 29. Rg1 c4 30. Qxc4 Na3+ 31. bxa3 bxa3+ 32. Kc2 Rb2+ 33. Kd3 Rxd2+ 34. Kxd2 Qb2+ 35. Ke1 Qe5+ 36. Kf2 Qxh2+ 37. Bg2 Qe5 38. Rf1 1-0

[Event "Toronto int. U2100"]
[Site "Toronto CAN"]
[Date "1998.05.17"]
[Round "5"]
[White "Zlobec, Srdjan"]
[Black "Veltmann, Martin"]
[Result "1-0"]
[WhiteElo "2049"]
[BlackElo "2089"]
[PlyCount "69"]
[GameId "2160767911873193"]
[EventDate "1998.05.15"]
[EventType "swiss"]
[EventRounds "7"]
[EventCountry "CAN"]

1. e4 c5 2. Nf3 d6 3. d4 cxd4 4. Nxd4 Nf6 5. Nc3 a6 6. Be3 e6 7. f3 Be7 8. Qd2 Nc6 9. O-O-O O-O 10. g4 Nxd4 11. Bxd4 b5 12. h4 e5 13. Be3 b4 14. Ne2 Be6 15. g5 Nd7 16. Kb1 Qb8 17. Ng3 Rc8 18. Nf5 Bxf5 19. exf5 Nc5 20. f6 Bf8 21. h5 Na4 22. Ka1 Qc7 23. Bd3 Nc3 24. bxc3 bxc3 25. Qf2 d5 26. g6 Rab8 27. gxh7+ Kh8 28. fxg7+ Bxg7 29. Rb1 Rb2 30. Rxb2 cxb2+ 31. Kb1 Qc3 32. Qd2 e4 33. fxe4 dxe4 34. Bxe4 Re8 35. Bd3 1-0

[Event "Toronto int. U2100"]
[Site "Toronto CAN"]
[Date "1998.05.18"]
[Round "6"]
[White "Veltmann, Martin"]
[Black "Mendoza Navas, Pedro"]
[Result "1-0"]
[WhiteElo "2089"]
[BlackElo "2049"]
[PlyCount "117"]
[GameId "2160767911873194"]
[EventDate "1998.05.15"]
[EventType "swiss"]
[EventRounds "7"]
[EventCountry "CAN"]

1. c4 Nf6 2. Nc3 e6 3. Nf3 b6 4. d4 d5 5. Bg5 Be7 6. e3 O-O 7. Bd3 Bb7 8. cxd5 exd5 9. O-O Nbd7 10. Rc1 Re8 11. Bb1 Nf8 12. a3 a5 13. Bh4 g6 14. Bg3 Ne6 15. Ba2 c6 16. Re1 Bf8 17. a4 Rc8 18. Re2 Bd6 19. Bh4 Be7 20. Rd2 Nc7 21. Ne5 Nd7 22. Bg3 Kg7 23. Rdc2 Na6 24. Nd3 Bf8 25. Bb3 Qg5 26. f4 Qf5 27. Ne5 f6 28. Nxd7 Qxd7 29. Qf3 Nb4 30. Rd2 Rcd8 31. Rcd1 Qf5 32. h3 Bd6 33. Bf2 Qd7 34. Bc2 Bc7 35. Bb1 Qe7 36. h4 Bd6 37. h5 Qf7 38. g3 Bc8 39. hxg6 hxg6 40. e4 dxe4 41. Nxe4 Bc7 42. Nc3 Qe6 43. f5 gxf5 44. d5 Nxd5 45. Ne2 Ne7 46. Nd4 Qf7 47. Bc2 c5 48. Bb3 c4 49. Bc2 Be5 50. Nxf5+ Bxf5 51. Bxf5 Rxd2 52. Rxd2 Nxf5 53. Qxf5 Re7 54. Rd8 Re8 55. Qg4+ Kf8 56. Rd2 c3 57. bxc3 Bxc3 58. Rd3 Be5 59. Bxb6 1-0

[Event "Toronto int. U2100"]
[Site "Toronto CAN"]
[Date "1998.05.18"]
[Round "7"]
[White "Veltmann, Martin"]
[Black "De Peiza, Anson"]
[Result "0-1"]
[WhiteElo "2089"]
[BlackElo "1977"]
[PlyCount "130"]
[GameId "2160767911873195"]
[EventDate "1998.05.15"]
[EventType "swiss"]
[EventRounds "7"]
[EventCountry "CAN"]

1. c4 f5 2. Nc3 Nf6 3. g3 g6 4. Bg2 Bg7 5. d4 O-O 6. Nh3 Nc6 7. O-O d6 8. Nf4 e5 9. dxe5 dxe5 10. Nfd5 Nxd5 11. cxd5 Ne7 12. Be3 e4 13. Bd4 Bxd4 14. Qxd4 Nc6 15. Qa4 Ne5 16. f3 exf3 17. exf3 Qd6 18. Rad1 Bd7 19. Qd4 Qb6 20. Rfe1 Qxd4+ 21. Rxd4 Rfe8 22. Kf2 Rad8 23. Red1 a6 24. Bf1 Bc8 25. Na4 Kg7 26. b3 Rd6 27. h3 Kf6 28. Nb2 Red8 29. Nc4 Nxc4 30. bxc4 c6 31. f4 cxd5 32. Bg2 Ke7 33. cxd5 b5 34. Rc1 Bb7 35. Rc7+ R8d7 36. Rc5 Kd8 37. Rd2 Rc7 38. Rdc2 Rxc5 39. Rxc5 Kd7 40. Ke3 Rf6 41. Kd4 Kd6 42. Rc2 Rf7 43. Re2 Rc7 44. Re6+ Kd7 45. Re2 Kd6 46. Re6+ Kd7 47. Rb6 Rc2 48. Rxb7+ Kc8 49. Rxh7 Rxg2 50. Ke5 Rxg3 51. h4 Ra3 52. h5 gxh5 53. Kxf5 Rxa2 54. Kf6 b4 55. Rxh5 b3 56. Rh3 b2 57. Rb3 Kd7 58. Ke5 a5 59. f5 a4 60. Rb7+ Kc8 61. Rb4 a3 62. f6 Ra1 63. f7 Re1+ 64. Kf5 Rf1+ 65. Ke6 a2 0-1

[Event "Toronto op"]
[Site "Toronto CAN"]
[Date "1998.04.10"]
[Round "1"]
[White "Cohen, David"]
[Black "Fleischmann, Michael"]
[Result "0-1"]
[WhiteElo "2046"]
[BlackElo "1963"]
[PlyCount "142"]
[GameId "2160767911873574"]
[EventDate "1998.04.10"]
[EventType "swiss"]
[EventRounds "6"]
[EventCountry "CAN"]

1. Nf3 Nf6 2. c4 g6 3. Nc3 Bg7 4. d4 d6 5. e4 O-O 6. Be2 e5 7. d5 Ne8 8. Bg5 f6 9. Bd2 Nd7 10. b4 f5 11. Rc1 f4 12. Qb3 b6 13. Na4 g5 14. h3 Ndf6 15. Nxg5 h6 16. Ne6 Bxe6 17. dxe6 Nxe4 18. Bf3 Nxd2 19. Kxd2 Rb8 20. Nc3 Nf6 21. Nd5 Re8 22. e7 Qd7 23. b5 e4 24. Nxf6+ Bxf6 25. Bxe4 Qxe7 26. Bd5+ Kh8 27. Rhe1 Qg7 28. Rxe8+ Rxe8 29. Re1 Bc3+ 30. Qxc3 Qxc3+ 31. Kxc3 Rxe1 32. Kd4 Re2 33. Bf3 Rd2+ 34. Ke4 Rxa2 35. Kxf4 Rc2 36. Bd5 Rxf2+ 37. Kg4 Kg7 38. Kh5 Rf5+ 39. Kg4 Rg5+ 40. Kf4 Kf6 41. g4 h5 42. Be4 hxg4 43. hxg4 Rg8 44. Bd5 Rf8 45. g5+ Kg6+ 46. Kg4 Re8 47. Kf4 Re5 48. Bg8 Rxg5 49. Ke4 Kf6 50. Bh7 Ke6 51. Kf4 Rg1 52. Bf5+ Kf6 53. Bh7 Rc1 54. Bg8 Rg1 55. Bd5 Re1 56. Bg8 a5 57. bxa6 Ra1 58. Ke4 Rxa6 59. Kd5 Ra5+ 60. Kc6 Rc5+ 61. Kd7 Ke5 62. Kc8 Kd4 63. Kb7 Rxc4 64. Ka6 Kc5 65. Kb7 d5 66. Kxc7 b5 67. Kd7 Re4 68. Bf7 b4 69. Bh5 b3 70. Bd1 b2 71. Bc2 Re1 0-1

[Event "Toronto op"]
[Site "Toronto CAN"]
[Date "1998.04.10"]
[Round "2"]
[White "Takov, Chris"]
[Black "Cohen, David"]
[Result "1-0"]
[WhiteElo "2000"]
[BlackElo "2046"]
[PlyCount "83"]
[GameId "2160767911873575"]
[EventDate "1998.04.10"]
[EventType "swiss"]
[EventRounds "6"]
[EventCountry "CAN"]

1. Nf3 Nf6 2. c4 g6 3. b4 Bg7 4. Bb2 O-O 5. g3 d6 6. Bg2 c5 7. a3 Qc7 8. Qc2 Bd7 9. O-O Nc6 10. b5 Nd8 11. Rd1 e5 12. d3 Ne6 13. e3 Rac8 14. Nbd2 Ne8 15. Nf1 f5 16. Rac1 Nf6 17. a4 Rfe8 18. d4 cxd4 19. exd4 e4 20. N3d2 Ng4 21. d5 Nd4 22. Bxd4 Bxd4 23. Nxe4 Rxe4 24. Bxe4 Bxf2+ 25. Kg2 fxe4 26. Qxe4 Re8 27. Qf4 Bf5 28. Rd2 Ne3+ 29. Kxf2 Nxf1 30. Kxf1 Bh3+ 31. Kg1 Rf8 32. Qe3 Qxc4 33. Rf2 Qxd5 34. Rxf8+ Kxf8 35. Qh6+ Ke7 36. Qxh7+ Kf6 37. Qxh3 Qd4+ 38. Kh1 d5 39. Rf1+ Ke5 40. Qh8+ Ke4 41. Re1+ Kd3 42. Rd1+ 1-0

[Event "Toronto op"]
[Site "Toronto CAN"]
[Date "1998.04.11"]
[Round "3"]
[White "Cohen, David"]
[Black "Henry, David"]
[Result "0-1"]
[WhiteElo "2046"]
[BlackElo "1981"]
[PlyCount "90"]
[GameId "2160767911873576"]
[EventDate "1998.04.10"]
[EventType "swiss"]
[EventRounds "6"]
[EventCountry "CAN"]

1. Nf3 Nf6 2. c4 c6 3. Nc3 d5 4. d4 e6 5. Bg5 dxc4 6. e4 b5 7. e5 h6 8. Bh4 g5 9. Nxg5 hxg5 10. Bxg5 Nbd7 11. exf6 Bh6 12. Bxh6 Rxh6 13. Qd2 Qxf6 14. O-O-O Nb6 15. g3 Bd7 16. Bg2 O-O-O 17. h4 Rhh8 18. Ne4 Qe7 19. Rhe1 Nd5 20. Nc5 Qd6 21. Bxd5 cxd5 22. Re3 Qb6 23. Ra3 e5 24. Nxd7 Rxd7 25. dxe5 b4 26. Re3 d4 27. Re4 Rhd8 28. Qc2 Kb8 29. f3 a5 30. Kb1 Qb5 31. g4 a4 32. h5 b3 33. Qf2 bxa2+ 34. Ka1 d3 35. Qd2 Rc8 36. Qc3 Rb7 37. Kxa2 Rc6 38. Ree1 Qd5 39. Re3 Rb3 40. Qd2 c3 41. bxc3 Rbxc3+ 42. Ka1 Ra3+ 43. Kb1 Rb6+ 44. Qb2 Rxb2+ 45. Kxb2 Qb3+ 0-1

[Event "Toronto op"]
[Site "Toronto CAN"]
[Date "1998.04.11"]
[Round "4"]
[White "Maheux, Pierre"]
[Black "Cohen, David"]
[Result "0-1"]
[WhiteElo "1989"]
[BlackElo "2046"]
[PlyCount "52"]
[GameId "2160767911873577"]
[EventDate "1998.04.10"]
[EventType "swiss"]
[EventRounds "6"]
[EventCountry "CAN"]

1. e4 c5 2. Nf3 d6 3. d4 cxd4 4. Qxd4 Nc6 5. Bb5 Bd7 6. Bxc6 Bxc6 7. Nc3 Nf6 8. Bg5 e6 9. O-O-O Be7 10. Rhe1 O-O 11. Kb1 Qc7 12. Qd2 Rfd8 13. Nd4 Rac8 14. Re3 a6 15. Nxc6 bxc6 16. Rg3 Rb8 17. Bh6 g6 18. Bg5 d5 19. Qf4 Qb7 20. Qc1 Nxe4 21. Nxe4 dxe4 22. Rxd8+ Rxd8 23. Bxe7 Qxe7 24. Ra3 Qc5 25. Re3 Qh5 26. Rh3 Qe2 0-1

[Event "Toronto op"]
[Site "Toronto CAN"]
[Date "1998.04.12"]
[Round "5"]
[White "Cohen, David"]
[Black "Stewart, Graham"]
[Result "1-0"]
[WhiteElo "2046"]
[BlackElo "1947"]
[PlyCount "101"]
[GameId "2160767911873578"]
[EventDate "1998.04.10"]
[EventType "swiss"]
[EventRounds "6"]
[EventCountry "CAN"]

1. Nf3 Nf6 2. c4 c5 3. Nc3 Nc6 4. g3 g6 5. Bg2 Bg7 6. O-O O-O 7. e3 d5 8. cxd5 Nxd5 9. Nxd5 Qxd5 10. Nd4 Qd6 11. Nxc6 bxc6 12. Qa4 Bd7 13. Rd1 Rab8 14. d3 h5 15. Rb1 Rb4 16. Qc2 Rfb8 17. b3 h4 18. Bb2 hxg3 19. hxg3 Bg4 20. Rdc1 R4b5 21. Bxg7 Kxg7 22. Qc3+ f6 23. Rb2 Qe6 24. Qc4 Qe5 25. Rbc2 Qh5 26. Qe4 Kf7 27. Qxc6 R5b6 28. Qd5+ Qxd5 29. Bxd5+ e6 30. Bg2 e5 31. Rxc5 Rd6 32. Rc7+ Kf8 33. Rxa7 Bf5 34. Rcc7 g5 35. e4 Be6 36. Bf1 Rbd8 37. Kg2 R8d7 38. Rxd7 Bxd7 39. Kf3 Ke8 40. Ke3 Rc6 41. Be2 Rc2 42. b4 Rb2 43. a3 Bb5 44. Bd1 Rb1 45. Ba4 Bxa4 46. Rxa4 Ke7 47. Ra5 Rb3 48. b5 Kd7 49. a4 Rb4 50. Ra6 Kc7 51. Rxf6 1-0

[Event "Toronto op"]
[Site "Toronto CAN"]
[Date "1998.04.12"]
[Round "6"]
[White "Buscar, Michael"]
[Black "Cohen, David"]
[Result "1/2-1/2"]
[WhiteElo "1910"]
[BlackElo "2046"]
[PlyCount "94"]
[GameId "2160767911873580"]
[EventDate "1998.04.10"]
[EventType "swiss"]
[EventRounds "6"]
[EventCountry "CAN"]

1. e4 c5 2. Nf3 d6 3. d4 cxd4 4. Nxd4 Nf6 5. Nc3 Nc6 6. Bc4 e6 7. Be3 Be7 8. f3 a6 9. Qd2 Qc7 10. Bb3 Ne5 11. O-O-O Nc4 12. Qd3 Nxe3 13. Qxe3 Bd7 14. g4 h6 15. h4 Nh7 16. Kb1 Nf8 17. g5 hxg5 18. hxg5 Rxh1 19. Rxh1 Qc5 20. Rg1 b5 21. Nce2 a5 22. a3 a4 23. Ba2 b4 24. axb4 Qxb4 25. Qc3 Qb6 26. f4 a3 27. Nf3 axb2 28. Qxg7 Bc6 29. Qxb2 Qxb2+ 30. Kxb2 Bxe4 31. Nfd4 d5 32. c4 Ba3+ 33. Kc3 Rc8 34. Ng3 Bh7 35. Nb5 Bc5 36. Rd1 dxc4 37. Bxc4 Rc6 38. Nh5 Nd7 39. Rxd7 Kxd7 40. Nf6+ Ke7 41. Nxh7 Be3 42. Nd4 Rd6 43. Ne2 Rd8 44. Nf6 Bd2+ 45. Kc2 Ba5 46. Ng4 Bc7 47. Bd3 Ra8 1/2-1/2

[Event "U of Alberta op"]
[Site "Edmonton CAN"]
[Date "1998.05.09"]
[Round "1"]
[White "Ottosen, David"]
[Black "Doo, Alvin"]
[Result "1-0"]
[WhiteElo "2180"]
[BlackElo "1825"]
[PlyCount "49"]
[GameId "2160767911873426"]
[EventDate "1998.05.09"]
[EventType "swiss"]
[EventRounds "5"]
[EventCountry "CAN"]

1. e4 c5 2. Nf3 Nc6 3. Nc3 Nf6 4. e5 Ng4 5. Qe2 d6 6. exd6 Qxd6 7. d3 g6 8. Ne4 Qd8 9. h3 Nge5 10. Nxe5 Nxe5 11. f4 Bg7 12. fxe5 O-O 13. Bf4 b6 14. O-O-O Be6 15. Kb1 a5 16. Qd2 Qd5 17. Nc3 Qc6 18. h4 a4 19. h5 Bg4 20. Be2 Qxg2 21. Rdg1 Qc6 22. Re1 Bf5 23. Bh6 b5 24. Bxg7 Kxg7 25. hxg6 1-0

[Event "U of Alberta op"]
[Site "Edmonton CAN"]
[Date "1998.05.10"]
[Round "4"]
[White "Nguyen, Kim"]
[Black "Ottosen, David"]
[Result "0-1"]
[WhiteElo "1895"]
[BlackElo "2180"]
[PlyCount "94"]
[GameId "2160767911873427"]
[EventDate "1998.05.09"]
[EventType "swiss"]
[EventRounds "5"]
[EventCountry "CAN"]

1. e4 c5 2. Nf3 Nc6 3. d4 cxd4 4. Nxd4 Nf6 5. Nc3 d6 6. Bc4 e6 7. Be3 a6 8. Bb3 Qc7 9. O-O Be7 10. f4 O-O 11. g4 Nxd4 12. Bxd4 e5 13. g5 exd4 14. gxf6 dxc3 15. fxe7 Qxe7 16. bxc3 Qxe4 17. Qxd6 Bh3 18. Rf2 Rad8 19. Qe5 Qc6 20. f5 Qd6 21. Qxd6 Rxd6 22. Rf3 Bg4 23. Rf4 h5 24. Re1 Rf6 25. Re5 g6 26. a4 Bxf5 27. Re7 Rb6 28. Rb4 Rxb4 29. cxb4 b5 30. axb5 axb5 31. Rb7 Kg7 32. Rxb5 Kf6 33. Rb7 g5 34. c4 Be6 35. Ra7 Rc8 36. b5 Bxc4 37. Bxc4 Rxc4 38. b6 Rb4 39. b7 Rb2 40. Ra6+ Kf5 41. Ra5+ Kg4 42. Ra4+ Kh3 43. Ra3+ Kh4 44. Ra7 f5 45. Ra4+ f4 46. Ra8 Rxb7 47. Rf8 Rb2 0-1

[Event "U of Alberta op"]
[Site "Edmonton CAN"]
[Date "1998.05.10"]
[Round "5"]
[White "Ottosen, David"]
[Black "Yearwood, Roy"]
[Result "1/2-1/2"]
[WhiteElo "2180"]
[BlackElo "2275"]
[PlyCount "66"]
[GameId "2160767911873428"]
[EventDate "1998.05.09"]
[EventType "swiss"]
[EventRounds "5"]
[EventCountry "CAN"]

1. Nf3 Nf6 2. c4 g6 3. Nc3 Bg7 4. g3 O-O 5. Bg2 d6 6. O-O Nc6 7. d4 a6 8. h3 Rb8 9. Be3 Kh8 10. Rc1 Bd7 11. Kh2 Ng8 12. d5 Na5 13. c5 e5 14. cxd6 cxd6 15. Ne4 f5 16. Bg5 Qb6 17. Be3 Qxb2 18. Nxd6 Nf6 19. Qd2 Qxd2 20. Bxd2 b6 21. Nxe5 Ba4 22. Bb4 Kg8 23. Ndc4 Nxc4 24. Nxc4 Rfe8 25. Bd6 Rb7 26. Bf4 Rxe2 27. d6 Ne4 28. Be3 Rxa2 29. Nxb6 Bc2 30. d7 Bf6 31. Nd5 Bd8 32. Bb6 Rxd7 33. Nb4 Rb2 1/2-1/2

[Event "UBC April/May Swiss"]
[Site "Vancouver CAN"]
[Date "1998.05.05"]
[Round "3"]
[White "Wright, Stephen"]
[Black "Seid, Hee"]
[Result "1-0"]
[WhiteElo "2300"]
[BlackElo "2224"]
[PlyCount "91"]
[GameId "2160767911873479"]
[EventDate "1998.04.21"]
[EventType "swiss"]
[EventRounds "5"]
[EventCountry "CAN"]

1. d4 d5 2. c4 e6 3. cxd5 exd5 4. Nc3 Nf6 5. Bg5 c6 6. e3 Bd6 7. Bd3 O-O 8. Qc2 h6 9. Bh4 Re8 10. Nge2 Nbd7 11. O-O Nf8 12. Bg3 Ng4 13. h3 Nf6 14. Bh4 Qe7 15. Rae1 g5 16. Bg3 Nh5 17. e4 Nxg3 18. Nxg3 Bxg3 19. fxg3 Qb4 20. Qf2 Be6 21. exd5 cxd5 22. a3 Qd6 23. g4 Qd8 24. Bb5 Nd7 25. Rxe6 fxe6 26. Qf7+ Kh8 27. Bxd7 Re7 28. Qf6+ Rg7 29. Bxe6 Qxf6 30. Rxf6 Re8 31. Nxd5 Kh7 32. Ne3 Rc7 33. Nf5 Rc1+ 34. Kh2 Rxe6 35. Rxe6 Rc2 36. Re7+ Kg6 37. Rxb7 h5 38. Rxa7 Rxb2 39. Ra6+ Kh7 40. gxh5 Rb5 41. Ra7+ Kh8 42. Ne7 Kh7 43. d5 Kh6 44. Ra8 Kg7 45. d6 Rb7 46. Nc6 1-0

[Event "UBC January Swiss"]
[Site "Vancouver CAN"]
[Date "1998.01.27"]
[Round "4"]
[White "Milicevic, Dragoljub"]
[Black "Wright, Stephen"]
[Result "0-1"]
[WhiteElo "2340"]
[BlackElo "2176"]
[PlyCount "126"]
[GameId "2160767911874078"]
[EventDate "1998.01.06"]
[EventType "swiss"]
[EventRounds "5"]
[EventCountry "CAN"]

1. Nf3 f5 2. g3 g6 3. Bg2 Bg7 4. O-O Nf6 5. d4 O-O 6. c4 d6 7. Nc3 Nc6 8. d5 Na5 9. Qd3 c5 10. Nd2 e5 11. dxe6 Bxe6 12. e4 Nc6 13. Nb5 Ne8 14. exf5 Rxf5 15. f4 a6 16. Nc3 Rb8 17. a4 Rf7 18. Nde4 Na5 19. Nd2 Nc6 20. Nd5 Nd4 21. a5 Nc7 22. Ne3 d5 23. cxd5 Nxd5 24. Nxd5 Bxd5 25. Ne4 Re7 26. Ra4 Kh8 27. f5 gxf5 28. Nc3 Bxg2 29. Kxg2 Qe8 30. Bf4 Rd8 31. h4 Ne2 32. Qc4 Qc6+ 33. Kh3 Nxf4+ 34. Qxf4 Rd4 35. Rxd4 cxd4 36. Nd1 Re2 37. Qf3 Qxf3 38. Rxf3 Re5 39. Rd3 Rd5 40. Kg2 Rxa5 41. Kf3 Rd5 42. Nf2 Kg8 43. b3 Kf7 44. Kf4 Ke6 45. Nh3 Bh6+ 46. Kf3 a5 47. Nf2 Re5 48. Rxd4 Re3+ 49. Kg2 Rxb3 50. Ra4 Bd2 51. Nh3 b5 52. Ra2 Rd3 53. Ng1 a4 54. Nf3 Bc3 55. h5 Kd5 56. Kf2 Bd4+ 57. Nxd4 Kxd4 58. Rb2 Kc4 59. Rc2+ Rc3 60. Rd2 a3 61. Rd7 b4 62. Rxh7 a2 63. Ra7 Ra3 0-1

[Event "UBC Oct/Nov Swiss"]
[Site "Vancouver CAN"]
[Date "1998.10.20"]
[Round "2"]
[White "Sokourinski, Sergei"]
[Black "Jiganchine, Roman"]
[Result "1-0"]
[WhiteElo "2376"]
[BlackElo "1999"]
[PlyCount "83"]
[GameId "2160767911806235"]
[EventDate "1998.10.13"]
[EventType "swiss"]
[EventRounds "5"]
[EventCountry "CAN"]
[SourceTitle "CFC 1999.04"]
[Source "CFC"]
[SourceDate "1999.04.??"]
[SourceVersionDate "1999.04.??"]
[SourceQuality "1"]

1. d4 Nf6 2. Nf3 c5 3. c3 cxd4 4. cxd4 g6 5. Nc3 Bg7 6. e4 d6 7. Bb5+ Nfd7 8. Bg5 O-O 9. O-O Nb6 10. h3 Bd7 11. Be2 Nc6 12. Qd2 Re8 13. d5 Ne5 14. Nxe5 Bxe5 15. f4 Bg7 16. Nb5 Nc4 17. Bxc4 Bxb5 18. Bxb5 Qb6+ 19. Kh1 Qxb5 20. Rac1 Qa4 21. b3 Qxe4 22. Rfe1 Qd4 23. Qxd4 Bxd4 24. Rc7 f6 25. Bh4 Kf7 26. Rxb7 Rac8 27. Bg3 Kf8 28. Bh2 Rc2 29. a4 Rd2 30. Bg1 Bxg1 31. Rxg1 Rxd5 32. Rxa7 Rd4 33. Rb7 Rxf4 34. a5 Ra8 35. Ra1 Rf2 36. a6 Rc2 37. a7 Rcc8 38. b4 Ke8 39. Re1 e5 40. b5 Kd8 41. b6 h5 42. Rg7 1-0